000 00677nam a2200241Ia 4500
003 OSt
005 20220925210600.0
006 a|||||r|||| 00| 0
007 ta
008 220923b |||||||| |||| 00| 0 eng d
037 _cGeneral Book
040 _aRTL
_cRTL
_beng
041 _2eng
_aeng
082 _aX813.2.N66r, K6
110 _aLIFE INSURANCE CORPORATION OF INDIA
_9241941
245 0 _aReport and accounts, 1966.
260 _aIndia
_bLIC
_c1966
300 _a109p.
_ccm.
500 _aAppendix :21-74p.
700 _aLIFE INSURANCE CORPORATION OF INDIA
_9241942
942 _hX813.2.N66r, K6
_cGB
_2CC
999 _c555506
_d555506